| 000 | 01050cab a2200229 4500 | ||
|---|---|---|---|
| 001 | ##L134433 | ||
| 008 | 060804n2006 000 0 eng u | ||
| 035 | _a(Sirsi) u134433 | ||
| 041 | 0 | _aeng | |
| 100 | 1 | _aRussell, Paul | |
| 245 | 0 | 0 | _aKnock, knock, who's there? |
| 260 | _c2006 | ||
| 490 | 0 |
_aInsight _vAugust 2006, 20-21(2) |
|
| 520 | _aAdvises on determining liability to pay non-domestic rates with respect to a hereditament entered into the rating list. Discusses the relevant case law from 1791 onwards. Considers the definition of exclusive control, the importance of the description and address being shown on rate demands, and how courts have dealt with separately occupied parts of a building that cannot be split. | ||
| 590 | _aIKA010806 | ||
| 650 | 2 | 4 | _aCAMDEN LBC V HERWALD |
| 650 | 2 | 4 | _aWIMBOURNE DC V BRAYNE CONSTRUCTION LTD AND WH WHITE AND CO LTD |
| 650 | 2 | 4 | _aSTREET V MOUNTFORD |
| 651 | 4 |
_aEngland and Wales _y1543- |
|
| 690 | _aPROPERTY-COMMERCIAL PROPERTY-COMMERCIAL PROPERTY TAXATION-BUSINESS RATES | ||
| 942 | _n0 | ||
| 999 |
_c77523 _d77523 |
||